| 000 | 01000cam a2200289 a 4500 | ||
|---|---|---|---|
| 999 |
_c532125 _d532125 |
||
| 001 | 2087488 | ||
| 003 | NUST | ||
| 005 | 20191110121326.0 | ||
| 008 | 950821s1996 ncua 001 0 eng | ||
| 010 | _a 95020649 | ||
| 020 | _a0024104418 (hard) | ||
| 038 | _anbs | ||
| 040 |
_aDLC _cDLC _dDLC |
||
| 050 | 0 | 0 |
_aHF1017 _b.S53 1996 |
| 082 | 0 | 0 |
_a519.5 _bSIN |
| 100 | 1 |
_aSincich, Terry. _9164 |
|
| 245 | 1 | 0 |
_aBusiness statistics by example / _cTerry Sincich. |
| 250 | _a5th ed. | ||
| 260 |
_aUpper Saddle River, NJ : _bPrentice Hall, _cc1996. |
||
| 300 |
_axx, 1259 p. : _bill. ; _c25 cm. + _e1 computer disk (3 1/2 in.) + 1 set of user's notes. |
||
| 500 | _aIncludes index. | ||
| 650 | 0 |
_aCommercial statistics. _925448 |
|
| 650 | 0 |
_aCommercial statistics _xCase studies. _925449 |
|
| 906 |
_a7 _bcbc _corignew _d1 _eocip _f19 _gy-gencatlg |
||
| 942 |
_2ddc _cBK |
||